| 000 | 00423nam a2200157 i 4500 | ||
|---|---|---|---|
| 001 | 134965 | ||
| 003 | ES-MaACL | ||
| 005 | 20230906194759.0 | ||
| 007 | t| | ||
| 008 | 070704s1978 xxk ||||1| eng d | ||
| 100 | 1 |
_aThomas, Denis. _9110003 |
|
| 245 | 1 | 0 |
_aPicasso and his art. / _cDenis Thomas. |
| 260 |
_aLondon, etc. : _bHamlyn, _c[1978] |
||
| 300 |
_a128 p. : _bil. ; _c35 cm. |
||
| 852 |
_aES-MaACL _jA-8369 _bR.97984 |
||
| 999 |
_c134965 _d134965 |
||